000 01244cam a22003251 4500
001 4702
003 BD-RjUL
005 20211208233935.0
008 131223s1938 nyuc b 001 0 eng
035 _a(BD-RjUL)4737
035 _a(OCoLC)1051765
040 _aDLC
_cOClU
_dOCoLC
_dDLC
_dBD-RjUL
_beng
041 _aeng
082 _a340.1
_bLEC
100 1 _aLevy, Beryl Harold,
_d1908-
_914825
245 1 0 _aCardozo and frontiers of legal thinking,
_bwith selected opinions.
260 _aPort Washington, N.Y. ;
_bKennikat Press ,
_c, c1938.
300 _axv, 315 p. :
_bport. ;
_c22 cm.
500 _aSelected cases from the New York Court of Appeals in which the opinion of the court was written by Cardozo and one case from the U.S. Supreme Court (p. [119]-310)
504 _aIncludes bibliographical references. and index.
600 1 0 _aCardozo, Benjamin N.
_q(Benjamin Nathan),
_d1870-1938.
_913711
650 0 _aLaw
_xPhilosophy.
_914826
650 0 _aLaw reports, digests, etc.
_zNew York (State)
_914827
710 1 _aNew York (State).
_bCourt of Appeals.
_914828
710 1 _aUnited States.
_bSupreme Court.
_914829
740 0 _aCardozo and legal thinking.
942 _2ddc
_cBK
999 _c4702
_d4702